00433nam a22001337a 450000500170000000800410001704100130005808200150007110000440008624500660013026000470019630000310024365000250027420231115065103.0231115b |||||||| |||| 00| 0 eng d aEnglish  a344.5 BLA  aBlackwell, L and Bamford, BR lEnglish  aNewspaper Law of South Africa / cL Blackwell and BR Bamford  aCape Town : bJuta and Company Ltd, c1963 bxvi, 112 pages ; c23 cm.  aLegal practice bLaw